| 000 | 00493nam a22001937a 4500 | ||
|---|---|---|---|
| 003 | OSt | ||
| 005 | 20160229111026.0 | ||
| 008 | 160222b xxu||||| |||| 00| 0 eng d | ||
| 010 | _a96004941 | ||
| 020 | _a0716728419 | ||
| 040 | _cN/A | ||
| 050 | _aQA7 .F68 1996 | ||
| 110 | _aCOMAP | ||
| 245 | _aFor All Practical Purposes | ||
| 250 | _a4TH ED | ||
| 260 |
_aNEW YORK _bW.H.FREEMAN _cc1996 |
||
| 300 |
_axxii,884,40,3,14p _bill, _c24cm |
||
| 942 |
_2lcc _cBK _hQA7.F68 1996 |
||
| 999 |
_c252506 _d252505 |
||